000
00287nam a2200097 a 4500
005
20200930030816.0
008
110331s1995 000 spa d
245
0
_a
Plataforma de acción para el avance de la mujer dominicana 1995-2001.
260
_a
Santo Domingo,
_c
1995.
999
_c
26894
_d
26894
040
_a
DO-SdBNP